000 00367nam a22001337a 4500
008 230619b xxu||||| |||| 00| 0 eng d
020 _a0671645935
082 _a305.8
_bSTE 1990
100 _cRichard Stengel
245 _aJanuary Sun
_bOne Day . Three Lives .A South African Town
260 _aNew York
_bSiomon and Schuster
_c1990
300 _a202p
942 _2ddc
_cBK
999 _c1432
_d1432